Вып. 23; Энергетическое машиностроение

Dades bibliogràfiques
Parent link:Энергетическое машиностроение: республиканский межведомственный научно-технический сборник/ Харьковский политехнический институт (ХПИ). Вып. 33.— , 1966-1990
Altres autors: Капинос В. М. Василий Максимович (редактор)
Idioma:rus
Publicat: 1982
Matèries:
Format: MixedMaterials Llibre
KOHA link:https://koha.lib.tpu.ru/cgi-bin/koha/opac-detail.pl?biblionumber=309975

MARC

LEADER 00000nam2a2200000 4500
001 309975
005 20231102002237.0
020 |a RU  |b 82-9601ж 
035 |a (RuTPU)RU\TPU\book\335316 
090 |a 309975 
100 |a 20151119c1982 km y0rusy5003 ca 
101 0 |a rus 
102 |a UA 
105 |a a z 001zy 
200 0 |a Вып. 23  |f отв. ред. В. М. Капинос 
210 |d 1982 
215 |a 116 с.  |c ил. 
306 |a Изд. выходит с 1966 г. 
320 |a Библиогр. в конце ст. 
461 1 |0 (RuTPU)RU\TPU\book\226722  |t Энергетическое машиностроение  |o республиканский межведомственный научно-технический сборник  |f Харьковский политехнический институт (ХПИ)  |v Вып. 33  |d 1966-1990 
606 1 |a Энергомашиностроение  |2 stltpush  |3 (RuTPU)RU\TPU\subj\21347  |9 46362 
610 1 |a охлаждение 
610 1 |a высокотемпературные газовые потоки 
610 1 |a газовые турбины 
610 1 |a применение 
610 1 |a энергетическое оборудование 
610 1 |a оптимизация 
610 1 |a парогенераторы 
610 1 |a горение 
610 1 |a водяное охлаждение 
610 1 |a охладители 
610 1 |a теплообменное оборудование 
610 1 |a жидкое топливо 
610 1 |a выгорание 
610 1 |a камеры сгорания 
675 |a 620.9.002  |z rus  |v 3 
702 1 |a Капинос  |b В. М.  |g Василий Максимович  |4 340 
801 0 |a RU  |b RuMRKP  |c 19950704  |g psbo 
801 1 |a RU  |b 63413507  |c 20151119 
801 2 |a RU  |b 63413507  |c 20191007  |g RCR 
942 |c BK